Φαινομενολογία του πνεύματος
Αποθηκεύτηκε σε:
| Κύριος συγγραφέας: | |
|---|---|
| Άλλοι συγγραφείς: | |
| Μορφή: | Βιβλίο |
| Γλώσσα: | Greek German |
| Δημοσίευση: |
Αθήνα :
Δωδώνη,
1993-1995.
|
| Θέματα: | |
| Ετικέτες: |
Προσθήκη ετικέτας
Δεν υπάρχουν, Καταχωρήστε ετικέτα πρώτοι!
|
MARC
| LEADER | 00000cam a2200000 i 4500 | ||
|---|---|---|---|
| 001 | 1/4606 | ||
| 008 | 960507m19931995gr | ||| |||| ||gre|| | ||
| 020 | |a 9602486554 | ||
| 020 | |a 9602487526 | ||
| 035 | |l 10015687 | ||
| 040 | |a GR-MyUA |b gre |e AACR2 | ||
| 041 | 1 | |a gre |h ger | |
| 082 | 0 | |a 142.7 | |
| 100 | 0 | |a Hegel, Georg Wilhelm Friedrich, |d 1770-1831. | |
| 245 | 1 | 0 | |a Φαινομενολογία του πνεύματος / |c Georg W. F. Hegel ; μετάφραση Δημήτρης Τζωρτζόπουλος. |
| 260 | |a Αθήνα : |b Δωδώνη, |c 1993-1995. | ||
| 300 | |a 387 σ. (τ.1); 699 σ. (τ.2). | ||
| 500 | |a Τίτλος πρωτοτύπου: System der wissenschaft: Phanomenologie des geistes. | ||
| 650 | 0 | 0 | |a Phenomenology. |
| 700 | 1 | |a Τζωρτζόπουλος, Δημήτρης, |e trl | |
| 852 | |a INST |b LESVOS |e 19960507 |h 142.7 HEG |p 005100010205 |q 005100010205 |t BK |y 0 |z v.1 | ||
| 852 | |a INST |b LESVOS |e 19960523 |h 142.7 HEG |p 005100010206 |q 005100010206 |t BK |y 0 |z v.2 | ||
| 852 | |a INST |b LESVOS |e 19960507 |h 142.7 HEG |p 005100010205 |q 005100010205 |t BK |v v.1: |y 0 |z v.1 | ||
| 852 | |a INST |b LESVOS |e 19960523 |h 142.7 HEG |p 005100010206 |q 005100010206 |t BK |v v.2: |y 0 |z v.2 | ||
| 853 | |a INST |b LESVOS |h 142.7 HEG | ||
| 909 | |a Λ |b 045436 | ||
| 909 | |a Λ |b 045437 | ||